History of modern India / (Record no. 88838)

MARC details
000 -LEADER
fixed length control field 00751nam a22002177a 4500
005 - DATE AND TIME OF LATEST TRANSACTION
control field 20140925114813.0
010 ## - LCCN (DPL NO)
LC control number ENG-110917
020 ## - INTERNATIONAL STANDARD BOOK NUMBER
International Standard Book Number 9788192958279
Terms of availability 625.00
035 ## - SYSTEM CONTROL NUMBER
System control number EN-94449
037 ## - SOURCE OF ACQUISITION
Source of stock number/acquisition DBAD/PUB
082 ## - DEWEY DECIMAL CLASSIFICATION NUMBER
Classification number 954.09
100 ## - MAIN ENTRY--PERSONAL NAME
Personal name Vijay Kumar 'Piyush'
245 ## - TITLE STATEMENT
Title History of modern India /
Statement of responsibility, etc by Vijay Kumar 'Piyush', Mithilesh Kumar Singh [and] Rajneesh Kumar Sinha
260 ## - PUBLICATION, DISTRIBUTION, ETC. (IMPRINT)
Place of publication, distribution, etc New Delhi
Name of publisher, distributor, etc Gyan Geeta Prakashan
Date of publication, distribution, etc 2014
270 ## - ADDRESS
Address F-7, Gali no. 1, Panchsheel Garden Ext. Naveen Shahdara
City New Delhi
Postal code 110032
300 ## - PHYSICAL DESCRIPTION
Extent 320p.
Dimensions 23cm(Hb)
500 ## - GENERAL NOTE
General note Includes bibliographical references and index
700 ## - ADDED ENTRY--PERSONAL NAME
Personal name Mithilesh Kumar Singh
700 ## - ADDED ENTRY--PERSONAL NAME
Personal name Sinha, Rajneesh Kumar
942 ## - ADDED ENTRY ELEMENTS (KOHA)
Source of classification or shelving scheme Dewey Decimal Classification
Item type English Books
Call number suffix VIJ
Classification part 954.09
Holdings
Withdrawn status Lost status Not for loan Collection code Home library Current library Date acquired Source of acquisition Cost, normal purchase price Full call number Barcode Copy number Cost, replacement price Koha item type
    Not For Loan Non-fiction D.B.Act.Division D.B.Act.Division 19/09/2014 DBAD/PUB 625.00 954.09 VIJ EN-94449 1 625.00 English Books

© Delhi Public Library
Hit Counter
free hit counter